Largest Cities by Climate Type - Statistics

General Stats
  • This quiz has been taken 47 times
  • The average score is 10 of 24
Answer Stats
Climate Type City % Correct
BWh (Hot desert) Cairo
91%
Dfb (Warm-summer continental) Moscow
80%
Cfa (Humid subtropical) Tokyo
80%
Cfb (Oceanic) London
77%
BSk (Cold semi-arid) Beijing
74%
Am (Tropical monsoon) Jakarta
74%
Cwb (Subtropical highland) Mexico City
74%
BSh (Hot semi-arid) Delhi
71%
Csa (Hot-summer mediterranean) Istanbul
60%
Aw (Tropical savannah) Dhaka
51%
Cwa (Humid subtropical) Guangzhou
51%
Dfa (Hot-summer continental) Chicago
49%
Dwa (Hot-summer, dry-winter continental) Seoul
40%
Dfc (Subarctic) Anchorage
37%
Cfc (Subpolar oceanic) Reykjavík
37%
Csb (Warm-summer mediterranean) San Francisco
31%
Af (Tropical rainforest) Kuala Lumpur
26%
ET (Tundra) Ushuaia
11%
Dsa (Hot-summer, dry-summer continental) Bishkek
0%
Cwc (Cold-summer subtropical highland) El Alto
0%
Dwb (Hot-summer, dry-winter continental) Hulunbuir
0%
BWk (Cold desert) Isfahan
0%
Dwc (Dry-winter subarctic) Nagqu
0%
Dsb (Warm-summer, dry-summer continental) Spokane
0%
No matching quizzes found
Score Distribution
Percent of People with Each Score
Percentile by Number Answered
Your Score History
You have not taken this quiz